书目信息 |
| 题名: |
光谱实验室
|
|
| 作者: | ;光谱实验室编辑部 编 | |
| 分册: | 第2卷 | |
| 出版信息: | 北京 清华大学出版社 1985. |
|
| 页数: | 196页 | |
| 开本: | 20cm | |
| 丛书名: | ||
| 单 册: | ||
| 中图分类: | O433.4-33 | |
| 科图分类: | ||
| 主题词: | 光学 | |
| 电子资源: | ||
| ISBN: | ||
| 000 | 00527nam0 2200181 45 | |
| 001 | 0312221749 | |
| 005 | 20060802101905.28 | |
| 010 | @dCNY0.50 | |
| 100 | @a20031222d1985 km y0chiy0120 ea | |
| 101 | @achi | |
| 200 | 1 | @a光谱实验室@h第2卷@h第1辑@AGuang Pu Shi Yan Shi@f光谱实验室编辑部编@FGuang Pu Shi Yan Shi Bian Ji Bu Bian |
| 210 | @a北京@c清华大学出版社@d1985. | |
| 215 | @a196页@d20cm | |
| 606 | 0 | @a光学 |
| 690 | @aO433.4-33@v3 | |
| 711 | 02 | @a光谱实验室编辑部@4编 |
| 801 | @aCN@bTSTCL@c20060802 | |
| 905 | @dO433.4-33@e57:2(1) | |
| 光谱实验室.第2卷.第1辑/光谱实验室编辑部编.-北京:清华大学出版社,1985. |
| 196页;20cm |
| ISBN :CNY0.50 |
| ● |
| 相关链接 |
|
|
|
|
正题名:光谱实验室
索取号:O433.4-33/57:2(1)
 
预约/预借
| 序号 | 登录号 | 条形码 | 馆藏地/架位号 | 状态 | 备注 |
| 1 | 0165194 | 001461956 | 第三借阅区/ [索取号:O433.4-33/57:2(1)] | 在馆 | |
| 2 | 0165195 | 001461965 | 第三借阅区/ [索取号:O433.4-33/57:2(1)] | 在馆 | |
| 3 | 0165196 | 001462009 | 第三借阅区/ [索取号:O433.4-33/57:2(1)] | 在馆 | |
| 4 | 0165197 | 001461983 | 第三借阅区/ [索取号:O433.4-33/57:2(1)] | 在馆 | |
| 5 | 0165198 | 001461992 | 第二样本阅览室/ [索取号:O433.4-33/57:2(1)] | 在馆 | |
| 6 | 0439440 | 204394404 | 密集书库/ [索取号:O433.4-33/57:2(1)] | 在馆 |